[Event "13th Khazar International Open Chess Tournament - "]
[Site "Rasht, Iran"]
[Date "2015.02.12"]
[Round "2"]
[Board "6"]
[White "Starostits, Ilmars"]
[Black "Omidi, Arya"]
[Result "1/2-1/2"]
[WhiteElo "2454"]
[BlackElo "2224"]
[PlyCount "0"]
[EventDate "2015.02.11"]
[EventRounds "9"]
[EventCountry "IRI"]

1. d4 {[%clk 1:30:56]} d5 {[%clk 1:30:46]} 2. c4 {[%clk 1:31:14]} e6
{[%clk 1:30:21]} 3. Nc3 {[%clk 1:31:22]} Be7 {[%clk 1:30:33]} 4. Bf4
{[%clk 1:28:25]} c6 {[%clk 1:28:37]} 5. e3 {[%clk 1:27:22]} Nd7 {[%clk 1:24:23]}
6. Nf3 {[%clk 1:25:02]} Ngf6 {[%clk 1:24:04]} 7. h3 {[%clk 1:25:23]} O-O
{[%clk 1:23:04]} 8. Qc2 {[%clk 1:25:42]} Qa5 {[%clk 1:17:04]} 9. Nd2
{[%clk 1:23:43]} c5 {[%clk 1:05:50]} 10. Nb3 {[%clk 1:20:29]} Qb6
{[%clk 1:03:37]} 11. O-O-O {[%clk 1:09:14]} cxd4 {[%clk 0:52:52]} 12. exd4
{[%clk 1:08:10]} dxc4 {[%clk 0:51:35]} 13. Bxc4 {[%clk 1:08:12]} a6
{[%clk 0:49:08]} 14. Kb1 {[%clk 1:05:23]} Qd8 {[%clk 0:44:17]} 15. d5
{[%clk 1:03:43]} e5 {[%clk 0:38:17]} 16. d6 {[%clk 0:48:17]} exf4
{[%clk 0:28:47]} 17. dxe7 {[%clk 0:47:47]} Qxe7 {[%clk 0:29:15]} 18. Rhe1
{[%clk 0:48:00]} Qb4 {[%clk 0:28:03]} 19. Rd4 {[%clk 0:46:22]} Qb6
{[%clk 0:27:01]} 20. Rxf4 {[%clk 0:44:27]} Qd6 {[%clk 0:22:05]} 21. Rd4
{[%clk 0:43:51]} Qh2 {[%clk 0:21:30]} 22. Bd5 {[%clk 0:35:47]} Nb6
{[%clk 0:19:52]} 23. Bf3 {[%clk 0:35:11]} g6 {[%clk 0:19:21]} 24. Ka1
{[%clk 0:27:09]} Bf5 {[%clk 0:19:36]} 25. Qd2 {[%clk 0:26:48]} Rae8
{[%clk 0:18:07]} 26. Rc1 {[%clk 0:25:59]} Re7 {[%clk 0:14:56]} 27. g3
{[%clk 0:22:35]} Rfe8 {[%clk 0:11:19]} 28. Na5 {[%clk 0:21:02]} Nbd7
{[%clk 0:09:20]} 29. Bxb7 {[%clk 0:18:54]} Nc5 {[%clk 0:07:44]} 30. Bc6
{[%clk 0:15:09]} Nce4 {[%clk 0:07:27]} 31. Nxe4 {[%clk 0:15:13]} Nxe4
{[%clk 0:07:30]} 32. Qb4 {[%clk 0:14:46]} Nxf2 {[%clk 0:07:11]} 33. Bxe8
{[%clk 0:10:13]} Rxe8 {[%clk 0:07:39]} 34. Nc6 {[%clk 0:09:32]} Qxg3
{[%clk 0:04:53]} 35. Ne7+ {[%clk 0:09:18]} Kg7 {[%clk 0:05:05]} 36. Nxf5+
{[%clk 0:09:21]} gxf5 {[%clk 0:05:33]} 37. Rd7 {[%clk 0:08:55]} Nxh3
{[%clk 0:04:19]} 38. Qc4 {[%clk 0:08:17]} Ng5 {[%clk 0:04:23]} 39. a3
{[%clk 0:07:17]} Re6 {[%clk 0:03:40]} 40. Ka2 {[%clk 0:05:16]} h5
{[%clk 0:03:23]} 41. Qd4+ {[%clk 0:05:30]} Qe5 {[%clk 0:02:50]} 42. Qh4
{[%clk 0:05:13]} Rg6 {[%clk 0:03:00]} 43. Rdc7 {[%clk 0:04:43]} Ne6
{[%clk 0:02:47]} 44. Rc8 {[%clk 0:02:42]} Rg2 {[%clk 0:02:24]} 45. R8c2
{[%clk 0:01:51]} Qd5+ {[%clk 0:01:52]} 46. Kb1 {[%clk 0:01:30]} Rg5
{[%clk 0:01:55]} 47. Rc4 {[%clk 0:01:30]} f4 {[%clk 0:01:34]} 48. Ka1
{[%clk 0:01:42]} Qf5 {[%clk 0:01:07]} 49. Qf2 {[%clk 0:01:48]} a5
{[%clk 0:01:25]} 50. R4c3 {[%clk 0:02:04]} Rg6 {[%clk 0:00:50]} 51. Re1
{[%clk 0:02:12]} Qd5 {[%clk 0:00:52]} 52. Rec1 {[%clk 0:02:19]} Qf5
{[%clk 0:01:09]} 53. Rd1 {[%clk 0:02:33]} Qe4 {[%clk 0:01:15]} 54. Re1
{[%clk 0:02:53]} Qd5 {[%clk 0:01:40]} 55. Rec1 {[%clk 0:03:19]} Qf5
{[%clk 0:02:03]} 1/2-1/2

[Event "13th Khazar International Open Chess Tournament - "]
[Site "Rasht, Iran"]
[Date "2015.02.12"]
[Round "2"]
[Board "7"]
[White "Fendereski, Nima"]
[Black "Pourramezanali, Amirreza"]
[Result "0-1"]
[WhiteElo "2215"]
[BlackElo "2432"]
[PlyCount "0"]
[EventDate "2015.02.11"]
[EventRounds "9"]
[EventCountry "IRI"]

1. Nf3 {[%clk 1:30:55]} d5 {[%clk 1:30:54]} 2. b3 {[%clk 1:30:56]} Nf6
{[%clk 1:30:42]} 3. Bb2 {[%clk 1:30:56]} g6 {[%clk 1:30:47]} 4. e3
{[%clk 1:29:53]} Bg7 {[%clk 1:31:13]} 5. Be2 {[%clk 1:29:30]} O-O
{[%clk 1:31:38]} 6. O-O {[%clk 1:28:17]} c5 {[%clk 1:32:05]} 7. d3
{[%clk 1:23:41]} Nc6 {[%clk 1:32:28]} 8. Ne5 {[%clk 1:22:49]} Qc7
{[%clk 1:25:21]} 9. Nxc6 {[%clk 1:22:25]} Qxc6 {[%clk 1:23:34]} 10. Nd2
{[%clk 1:21:13]} Rd8 {[%clk 1:18:33]} 11. Qc1 {[%clk 1:06:46]} d4
{[%clk 1:05:26]} 12. Bf3 {[%clk 0:56:32]} Qc7 {[%clk 1:05:35]} 13. e4
{[%clk 0:52:28]} a6 {[%clk 0:51:18]} 14. a4 {[%clk 0:50:57]} b6 15. Qd1
{[%clk 0:40:11]} Rb8 {[%clk 0:47:37]} 16. Qe2 {[%clk 0:39:19]} e5
{[%clk 0:46:34]} 17. g3 {[%clk 0:32:33]} Rf8 {[%clk 0:43:47]} 18. Ba3
{[%clk 0:27:26]} Be6 {[%clk 0:42:22]} 19. Rfc1 {[%clk 0:25:22]} b5
{[%clk 0:42:05]} 20. axb5 {[%clk 0:24:23]} axb5 {[%clk 0:42:08]} 21. b4
{[%clk 0:24:07]} c4 {[%clk 0:38:57]} 22. c3 {[%clk 0:22:18]} Bh6 {[%clk 0:38:16]}
23. Rc2 {[%clk 0:15:56]} Rfd8 {[%clk 0:31:21]} 24. cxd4 {[%clk 0:13:53]} cxd3
{[%clk 0:26:54]} 25. Qxd3 {[%clk 0:09:26]} Rxd4 {[%clk 0:27:09]} 26. Qxd4
{[%clk 0:09:46]} Qxc2 {[%clk 0:27:38]} 27. Qa7 {[%clk 0:09:21]} Rc8
{[%clk 0:25:53]} 28. Qe7 {[%clk 0:06:36]} Qxd2 {[%clk 0:25:29]} 29. Rd1
{[%clk 0:05:15]} Qc3 {[%clk 0:25:27]} 30. Qxf6 {[%clk 0:02:40]} Qxa3
{[%clk 0:25:44]} 0-1

[Event "13th Khazar International Open Chess Tournament - "]
[Site "Rasht, Iran"]
[Date "2015.02.12"]
[Round "2"]
[Board "8"]
[White "Derakhshani, Dorsa"]
[Black "Iskandarov, Misratdin"]
[Result "0-1"]
[WhiteElo "2209"]
[BlackElo "2396"]
[PlyCount "0"]
[EventDate "2015.02.11"]
[EventRounds "9"]
[EventCountry "IRI"]

1. e4 {[%clk 1:25:52]} e5 {[%clk 1:30:35]} 2. Nf3 {[%clk 1:26:18]} Nc6
{[%clk 1:30:59]} 3. Nc3 {[%clk 1:26:09]} Nf6 {[%clk 1:30:36]} 4. d4
{[%clk 1:26:34]} exd4 {[%clk 1:29:38]} 5. Nxd4 {[%clk 1:26:59]} Bb4
{[%clk 1:30:03]} 6. Nxc6 {[%clk 1:27:24]} bxc6 {[%clk 1:30:28]} 7. Bd3
{[%clk 1:27:50]} d5 {[%clk 1:30:48]} 8. exd5 {[%clk 1:28:13]} cxd5
{[%clk 1:31:13]} 9. O-O {[%clk 1:27:00]} O-O {[%clk 1:31:37]} 10. h3
{[%clk 1:26:45]} Re8 {[%clk 1:23:46]} 11. Bg5 {[%clk 1:26:34]} c6
{[%clk 1:24:03]} 12. Qf3 {[%clk 1:26:15]} h6 {[%clk 1:20:43]} 13. Bxf6
{[%clk 1:20:55]} Qxf6 {[%clk 1:20:44]} 14. Qxf6 {[%clk 1:21:19]} gxf6
{[%clk 1:21:10]} 15. Ne2 {[%clk 1:21:38]} Bc5 {[%clk 1:18:26]} 16. Ng3
{[%clk 1:18:14]} Re5 {[%clk 1:16:31]} 17. Kh2 {[%clk 1:13:02]} Rb8
{[%clk 1:12:46]} 18. f4 {[%clk 1:11:12]} Re3 {[%clk 1:11:53]} 19. b3
{[%clk 1:11:14]} Bb4 {[%clk 1:09:47]} 20. Rad1 {[%clk 1:02:57]} Be6
{[%clk 0:52:49]} 21. Bf5 {[%clk 0:54:16]} Kh8 {[%clk 0:49:15]} 22. Bg4
{[%clk 0:40:01]} Rg8 {[%clk 0:47:42]} 23. Rf3 {[%clk 0:38:27]} Bc5
{[%clk 0:42:29]} 24. Rd3 {[%clk 0:22:50]} Re1 {[%clk 0:40:13]} 25. f5
{[%clk 0:19:47]} Bc8 {[%clk 0:40:13]} 26. Nh5 {[%clk 0:16:09]} Bd6+
{[%clk 0:34:34]} 27. g3 {[%clk 0:13:35]} Rge8 {[%clk 0:32:44]} 28. Rf2
{[%clk 0:09:04]} Bc5 {[%clk 0:31:58]} 29. Rg2 {[%clk 0:07:56]} R8e5
{[%clk 0:21:32]} 30. Rd1 {[%clk 0:05:30]} Rxd1 {[%clk 0:20:51]} 31. Bxd1
{[%clk 0:05:54]} Bxf5 {[%clk 0:20:41]} 32. Nxf6 {[%clk 0:06:12]} Re6
{[%clk 0:17:06]} 33. Nh5 {[%clk 0:02:47]} Re1 {[%clk 0:16:54]} 34. Bf3
{[%clk 0:03:12]} Re3 {[%clk 0:15:41]} 35. Bd1 {[%clk 0:02:10]} Be4
{[%clk 0:14:04]} 36. Rg1 {[%clk 0:01:59]} Rc3 {[%clk 0:14:22]} 37. Rf1
{[%clk 0:01:26]} Bxc2 {[%clk 0:14:47]} 38. Bxc2 {[%clk 0:01:23]} Rxc2+
{[%clk 0:15:10]} 39. Kh1 {[%clk 0:01:52]} Kg8 {[%clk 0:15:22]} 40. Nf6+
{[%clk 0:00:55]} Kg7 {[%clk 0:15:45]} 41. Nh5+ {[%clk 0:01:10]} Kf8
{[%clk 0:16:07]} 42. Nf6 {[%clk 0:01:08]} Bd6 {[%clk 0:16:10]} 43. g4
{[%clk 0:00:35]} Rxa2 {[%clk 0:14:41]} 44. Rc1 {[%clk 0:00:39]} Ra6
{[%clk 0:15:03]} 45. h4 {[%clk 0:00:36]} Be7 {[%clk 0:14:02]} 46. Nd7+
{[%clk 0:00:40]} Kg7 {[%clk 0:14:13]} 47. Nb8 {[%clk 0:00:46]} Rb6
{[%clk 0:13:24]} 48. Nxc6 {[%clk 0:01:07]} Bxh4 {[%clk 0:13:47]} 49. b4
{[%clk 0:00:39]} Bg5 {[%clk 0:13:33]} 50. Rc2 {[%clk 0:00:35]} Bf6
{[%clk 0:09:08]} 51. Kg2 {[%clk 0:00:52]} d4 {[%clk 0:09:04]} 52. Kf3
{[%clk 0:01:07]} d3 {[%clk 0:09:28]} 53. Rc5 {[%clk 0:01:04]} d2 {[%clk 0:09:10]}
54. Ke2 {[%clk 0:00:45]} Bg5 {[%clk 0:09:35]} 55. Ke1 0-1

[Event "13th Khazar International Open Chess Tournament - "]
[Site "Rasht, Iran"]
[Date "2015.02.12"]
[Round "2"]
[Board "9"]
[White "Mahjoob, Morteza"]
[Black "Asgari, Morteza"]
[Result "1/2-1/2"]
[WhiteElo "2392"]
[BlackElo "2193"]
[PlyCount "0"]
[EventDate "2015.02.11"]
[EventRounds "9"]
[EventCountry "IRI"]

1. d4 {[%clk 1:14:12]} Nf6 {[%clk 1:30:41]} 2. c4 {[%clk 1:14:37]} g6
{[%clk 1:29:50]} 3. Nc3 {[%clk 1:14:58]} d5 {[%clk 1:29:47]} 4. cxd5
{[%clk 1:10:57]} Nxd5 {[%clk 1:30:05]} 5. e4 {[%clk 1:11:02]} Nxc3
{[%clk 1:30:26]} 6. bxc3 {[%clk 1:11:31]} Bg7 {[%clk 1:30:45]} 7. Bc4
{[%clk 1:10:53]} c5 {[%clk 1:30:51]} 8. Ne2 {[%clk 1:11:19]} O-O {[%clk 1:30:39]}
9. O-O {[%clk 1:11:11]} Nc6 {[%clk 1:31:01]} 10. Be3 {[%clk 1:09:47]} Na5
{[%clk 1:30:25]} 11. Bd3 {[%clk 1:08:10]} b6 {[%clk 1:30:37]} 12. Qd2
{[%clk 1:02:30]} e5 {[%clk 1:30:37]} 13. Bg5 {[%clk 0:56:29]} Qd6
{[%clk 1:15:14]} 14. dxe5 Bxe5 {[%clk 1:14:07]} 15. f4 {[%clk 0:54:49]} Bg7
{[%clk 1:08:48]} 16. e5 {[%clk 0:47:10]} Qd5 {[%clk 1:05:39]} 17. Rad1
{[%clk 0:41:03]} Bb7 {[%clk 0:54:47]} 18. Rf2 {[%clk 0:32:15]} f6
{[%clk 0:36:15]} 19. exf6 {[%clk 0:32:34]} Bxf6 {[%clk 0:36:36]} 20. f5
{[%clk 0:26:52]} c4 {[%clk 0:23:01]} 21. Bc2 {[%clk 0:13:43]} Qxd2
{[%clk 0:22:54]} 22. Bxd2 {[%clk 0:14:09]} Rad8 {[%clk 0:20:31]} 23. fxg6
{[%clk 0:13:07]} hxg6 {[%clk 0:20:38]} 24. Bxg6 {[%clk 0:12:40]} Rd6
{[%clk 0:20:31]} 25. Bf5 {[%clk 0:05:20]} Rfd8 {[%clk 0:20:11]} 26. Nd4
{[%clk 0:05:31]} Bxd4 {[%clk 0:16:37]} 27. cxd4 {[%clk 0:05:55]} Rxd4
{[%clk 0:16:46]} 28. Be6+ {[%clk 0:06:21]} Kh7 {[%clk 0:16:44]} 29. Bf5+
{[%clk 0:06:39]} Kg8 {[%clk 0:16:57]} 30. Be6+ {[%clk 0:07:03]} Kh7
{[%clk 0:17:23]} 31. Rf7+ {[%clk 0:04:15]} Kg6 {[%clk 0:16:47]} 32. Rdf1
{[%clk 0:04:43]} Rxd2 {[%clk 0:15:51]} 33. R1f6+ {[%clk 0:05:09]} Kg5
{[%clk 0:12:26]} 34. Rf5+ {[%clk 0:05:22]} Kg6 {[%clk 0:12:30]} 35. R5f6+
{[%clk 0:05:43]} Kg5 {[%clk 0:12:51]} 36. Rf5+ {[%clk 0:01:13]} Kg6
{[%clk 0:12:53]} 37. R5f6+ {[%clk 0:01:35]} Kg5 {[%clk 0:13:04]} 38. h4+
{[%clk 0:01:53]} Kxh4 {[%clk 0:13:21]} 39. Rf4+ {[%clk 0:02:18]} Kg5
{[%clk 0:11:56]} 40. R7f5+ {[%clk 0:00:40]} Kh6 {[%clk 0:10:54]} 41. Rh4+
{[%clk 0:01:06]} Kg6 {[%clk 0:10:18]} 42. Rg4+ {[%clk 0:01:29]} Kh6
{[%clk 0:10:37]} 43. Rh4+ {[%clk 0:00:47]} Kg6 {[%clk 0:10:28]} 44. Rhf4 Kg5 45.
Rf7 Kh5 46. Rg4 Kh6 47. Rf6+ Kh5 1/2-1/2

[Event "13th Khazar International Open Chess Tournament - "]
[Site "Rasht, Iran"]
[Date "2015.02.12"]
[Round "2"]
[Board "10"]
[White "Ghaziolsharif, Kaveh"]
[Black "Noroozi, Omid"]
[Result "1/2-1/2"]
[WhiteElo "2193"]
[BlackElo "2376"]
[PlyCount "0"]
[EventDate "2015.02.11"]
[EventRounds "9"]
[EventCountry "IRI"]

1. e4 {[%clk 1:21:58]} c5 {[%clk 1:30:54]} 2. c3 {[%clk 1:21:58]} Nf6
{[%clk 1:30:54]} 3. e5 {[%clk 1:21:58]} Nd5 {[%clk 1:30:54]} 4. Nf3
{[%clk 1:21:58]} Nc6 {[%clk 1:30:54]} 5. Bc4 {[%clk 1:21:58]} Nb6
{[%clk 1:30:54]} 6. Bb3 {[%clk 1:21:58]} c4 {[%clk 1:30:54]} 7. Bc2
{[%clk 1:21:58]} Qc7 {[%clk 1:30:54]} 8. Qe2 {[%clk 1:21:58]} g5 {[%clk 1:30:54]}
9. Na3 {[%clk 1:21:58]} g4 {[%clk 1:30:54]} 10. Nb5 {[%clk 1:21:58]} Qb8
{[%clk 1:30:54]} 11. Nh4 {[%clk 1:21:58]} a6 {[%clk 1:30:54]} 12. Nd4
{[%clk 1:21:58]} Qxe5 {[%clk 1:30:54]} 13. Qxe5 {[%clk 1:21:58]} Nxe5
{[%clk 1:30:54]} 14. O-O {[%clk 1:03:10]} e6 {[%clk 1:22:28]} 15. Re1
{[%clk 1:03:10]} d6 {[%clk 1:22:28]} 16. f4 {[%clk 1:03:10]} gxf3
{[%clk 1:22:28]} 17. Nhxf3 {[%clk 1:03:10]} Nd3 {[%clk 1:22:28]} 18. Bxd3
{[%clk 1:03:10]} cxd3 {[%clk 1:22:28]} 19. b3 {[%clk 1:03:10]} Be7
{[%clk 1:22:28]} 20. Ba3 {[%clk 1:03:10]} Rg8 {[%clk 1:22:28]} 21. c4
{[%clk 1:03:10]} Bd7 {[%clk 1:22:28]} 22. Rac1 {[%clk 1:03:10]} O-O-O
{[%clk 0:27:07]} 23. Nf5 {[%clk 0:18:02]} exf5 {[%clk 0:27:07]} 24. Rxe7
{[%clk 0:18:02]} Bc6 {[%clk 0:27:07]} 25. Kf2 {[%clk 0:18:02]} Rd7
{[%clk 0:27:07]} 26. Re3 {[%clk 0:02:13]} Be4 {[%clk 0:15:41]} 27. g3
{[%clk 0:02:02]} Kb8 {[%clk 0:15:41]} 28. Bb2 {[%clk 0:02:02]} h5
{[%clk 0:15:41]} 29. Rf1 {[%clk 0:02:02]} Rdd8 {[%clk 0:15:41]} 30. Ne1
{[%clk 0:02:02]} d5 {[%clk 0:15:41]} 31. Bd4 {[%clk 0:02:02]} Nc8
{[%clk 0:15:41]} 32. Bf6 {[%clk 0:00:36]} d4 {[%clk 0:06:50]} 33. Rxd3
{[%clk 0:00:36]} Bxd3 {[%clk 0:06:50]} 34. Nxd3 {[%clk 0:00:36]} Rd7
{[%clk 0:06:50]} 35. Nc5 {[%clk 0:00:36]} Rd6 {[%clk 0:05:07]} 36. Be5
{[%clk 0:01:11]} Kc7 {[%clk 0:05:36]} 37. Nxa6+ {[%clk 0:01:00]} bxa6
{[%clk 0:02:55]} 38. c5 {[%clk 0:01:23]} Re8 {[%clk 0:02:59]} 39. cxd6+
{[%clk 0:01:45]} Nxd6 {[%clk 0:02:43]} 40. Re1 {[%clk 0:01:33]} Rd8
{[%clk 0:01:49]} 41. d3 {[%clk 0:00:48]} Kc6 {[%clk 0:01:55]} 42. Bf6
{[%clk 0:00:51]} Rd7 {[%clk 0:01:22]} 43. Re5 {[%clk 0:00:54]} Ra7
{[%clk 0:00:37]} 44. b4 {[%clk 0:00:36]} Rb7 {[%clk 0:00:43]} 45. Rc5+
{[%clk 0:00:41]} Kd7 {[%clk 0:01:13]} 46. a3 {[%clk 0:00:54]} Nb5
{[%clk 0:01:33]} 47. Bxd4 {[%clk 0:00:40]} Nxa3 {[%clk 0:01:55]} 48. Rxf5
{[%clk 0:00:37]} Rxb4 {[%clk 0:01:25]} 49. Bc5 {[%clk 0:00:49]} Rb2+
{[%clk 0:01:46]} 50. Kf3 {[%clk 0:01:12]} Nb5 {[%clk 0:01:23]} 51. Rxh5
{[%clk 0:01:06]} a5 {[%clk 0:01:29]} 52. Rh8 {[%clk 0:00:38]} Nc7
{[%clk 0:01:59]} 53. Rh4 {[%clk 0:00:40]} Kc6 {[%clk 0:02:18]} 54. Rc4
{[%clk 0:00:40]} Rb3 {[%clk 0:00:34]} 55. Bb4+ {[%clk 0:00:36]} Kb5
{[%clk 0:00:47]} 56. Rxc7 {[%clk 0:00:55]} Kxb4 {[%clk 0:00:44]} 57. Rxf7
{[%clk 0:00:35]} Rxd3+ {[%clk 0:00:37]} 58. Ke4 {[%clk 0:00:55]} Rd2
{[%clk 0:00:37]} 59. h4 {[%clk 0:01:14]} Re2+ {[%clk 0:00:43]} 60. Kd3
{[%clk 0:01:25]} Rg2 {[%clk 0:01:08]} 61. Rg7 {[%clk 0:01:06]} a4
{[%clk 0:01:33]} 62. Ke3 {[%clk 0:00:59]} a3 {[%clk 0:01:43]} 63. Kf3
{[%clk 0:01:08]} a2 {[%clk 0:01:29]} 64. Ra7 {[%clk 0:00:57]} Rc2
{[%clk 0:01:39]} 65. Kg4 {[%clk 0:01:00]} Rc4+ {[%clk 0:01:28]} 66. Kh3
{[%clk 0:00:55]} Kb3 {[%clk 0:01:57]} 67. Rxa2 {[%clk 0:00:49]} Kxa2
{[%clk 0:02:25]} 68. h5 {[%clk 0:01:12]} Kb3 {[%clk 0:02:36]} 69. g4
{[%clk 0:01:37]} Kc3 {[%clk 0:00:46]} 70. h6 {[%clk 0:01:40]} Kd4
{[%clk 0:01:05]} 71. Kh4 {[%clk 0:00:49]} Ke5 {[%clk 0:00:39]} 72. h7
{[%clk 0:00:50]} Rc8 {[%clk 0:00:46]} 73. Kg5 {[%clk 0:01:05]} Rh8
{[%clk 0:01:14]} 74. Kg6 {[%clk 0:01:18]} 1/2-1/2

[Event "13th Khazar International Open Chess Tournament - "]
[Site "Rasht, Iran"]
[Date "2015.02.12"]
[Round "3"]
[Board "1"]
[White "Sharbaf, Mohsen"]
[Black "Mirzoev, Azer"]
[Result "1/2-1/2"]
[WhiteElo "2350"]
[BlackElo "2556"]
[PlyCount "0"]
[EventDate "2015.02.11"]
[EventRounds "9"]
[EventCountry "IRI"]

1. e4 {[%clk 1:30:45]} e5 {[%clk 1:30:16]} 2. Nf3 {[%clk 1:31:10]} Nc6
{[%clk 1:30:44]} 3. Nc3 {[%clk 1:31:30]} Nf6 {[%clk 1:31:05]} 4. d4
{[%clk 1:31:58]} Bb4 {[%clk 1:30:54]} 5. d5 {[%clk 1:31:45]} Nb8 {[%clk 1:31:24]}
6. Bd3 {[%clk 1:31:37]} d6 {[%clk 1:31:16]} 7. O-O {[%clk 1:32:02]} O-O
{[%clk 1:31:26]} 8. Ne2 {[%clk 1:31:24]} Nbd7 {[%clk 1:31:16]} 9. a3
{[%clk 1:31:39]} Bc5 {[%clk 1:31:28]} 10. b4 {[%clk 1:32:03]} Bb6
{[%clk 1:31:52]} 11. c4 {[%clk 1:32:20]} Re8 {[%clk 1:31:48]} 12. Bg5
{[%clk 1:31:30]} h6 {[%clk 1:31:46]} 13. Be3 {[%clk 1:31:23]} Ng4
{[%clk 1:31:12]} 14. Bxb6 {[%clk 1:28:58]} axb6 {[%clk 1:31:35]} 15. Ng3
{[%clk 1:29:09]} Nf8 {[%clk 1:31:54]} 16. Be2 {[%clk 1:25:49]} Ng6
{[%clk 1:31:40]} 17. Ne1 {[%clk 1:25:24]} Qh4 {[%clk 1:22:10]} 18. Bxg4
{[%clk 1:17:33]} Bxg4 {[%clk 1:22:23]} 19. f3 {[%clk 1:17:56]} Bd7
{[%clk 1:22:19]} 20. Ne2 {[%clk 1:17:55]} f5 {[%clk 1:17:19]} 21. Nc3
{[%clk 1:12:45]} Rf8 {[%clk 1:13:08]} 22. Nd3 {[%clk 1:11:54]} fxe4
{[%clk 1:12:30]} 23. Nxe4 {[%clk 1:12:17]} Bf5 {[%clk 1:12:08]} 24. Re1
{[%clk 1:11:52]} Nh8 {[%clk 1:06:36]} 25. a4 {[%clk 1:07:06]} Nf7
{[%clk 1:05:25]} 26. Ndf2 {[%clk 1:06:33]} Ng5 {[%clk 0:54:59]} 27. a5
{[%clk 0:58:27]} bxa5 {[%clk 0:55:05]} 28. bxa5 {[%clk 0:58:40]} Bxe4
{[%clk 0:49:54]} 29. Nxe4 {[%clk 0:56:48]} Nxe4 {[%clk 0:50:20]} 30. Rxe4
{[%clk 0:56:54]} Rf4 {[%clk 0:49:31]} 31. Qd3 {[%clk 0:52:23]} Rxe4
{[%clk 0:49:41]} 32. Qxe4 {[%clk 0:52:30]} Qg5 {[%clk 0:50:03]} 33. h3
{[%clk 0:50:15]} Qd2 {[%clk 0:50:21]} 34. Kh2 {[%clk 0:50:10]} Rxa5
{[%clk 0:39:56]} 35. Rxa5 {[%clk 0:49:50]} Qxa5 {[%clk 0:40:21]} 36. Qf5
{[%clk 0:50:14]} Qa8 {[%clk 0:40:45]} 37. Qd7 {[%clk 0:50:38]} Qb8
{[%clk 0:41:10]} 38. g4 {[%clk 0:50:34]} Kh7 {[%clk 0:35:21]} 39. Kg2
{[%clk 0:48:45]} b6 {[%clk 0:35:28]} 40. h4 {[%clk 0:48:37]} Qf8 {[%clk 0:33:17]}
41. Qxc7 {[%clk 0:47:12]} e4 {[%clk 0:32:27]} 42. fxe4 {[%clk 0:47:02]} Qf4
{[%clk 0:32:55]} 43. Qe7 {[%clk 0:44:50]} Qxg4+ {[%clk 0:33:13]} 44. Kf2
{[%clk 0:45:16]} Qf4+ {[%clk 0:32:38]} 45. Ke2 {[%clk 0:45:19]} Kg6
{[%clk 0:26:02]} 46. Qe8+ {[%clk 0:36:47]} Qf7 {[%clk 0:26:11]} 47. Qd8
{[%clk 0:36:35]} Qf4 {[%clk 0:25:57]} 48. Qe8+ {[%clk 0:36:54]} Qf7
{[%clk 0:26:08]} 49. Qd8 {[%clk 0:37:00]} Qf4 1/2-1/2

[Event "13th Khazar International Open Chess Tournament - "]
[Site "Rasht, Iran"]
[Date "2015.02.12"]
[Round "3"]
[Board "2"]
[White "Gholami, Aryan"]
[Black "Stopa, Jacek"]
[Result "1-0"]
[WhiteElo "2325"]
[BlackElo "2540"]
[PlyCount "158"]
[EventDate "2015.02.11"]
[EventRounds "9"]
[EventCountry "IRI"]

1. d4 d6 2. Nf3 g6 3. g3 Bg7 4. Bg2 f5 5. O-O Nf6 6. c4 O-O 7. Nc3 c6 8. Qc2
Na6 9. Bg5 Qe8 10. Rfe1 e5 11. dxe5 dxe5 12. e4 Nc5 13. Bxf6 Bxf6 14. b4 fxe4
15. Nd2 Nd3 16. Reb1 Be7 17. Ndxe4 Nxb4 18. Qe2 Na6 19. Qe3 b6 20. a4 Nb4 21.
Rc1 Be6 22. Bf1 Qf7 23. a5 Bxc4 24. Bxc4 Qxc4 25. axb6 axb6 26. Rxa8 Rxa8 27.
Qxb6 Rf8 28. Qa7 Qf7 29. Qc7 Nd3 30. Rf1 Bc5 31. Qxf7+ Rxf7 32. Rd1 Nb2 33.
Nxc5 Nxd1 34. Nxd1 Ra7 35. Nc3 Kf7 36. N3e4 h6 37. h4 Ra3 38. Kf1 Ra2 39. Kg2
Ra3 40. Kh3 h5 41. Kg2 Ke7 42. Kf1 Ra2 43. Nd3 Ke6 44. Ng5+ Kf5 45. Nf7 Ra5 46.
Ke2 Ke4 47. Ng5+ Kd5 48. Nf3 Ke6 49. Ke3 Kf5 50. Nd2 Ra4 51. f3 Ra5 52. Ne4 Ke6
53. Nec5+ Kd5 54. Nd7 Ke6 55. Nb6 Kf5 56. Nc4 Rd5 57. Ke2 Kf6 58. Ke3 Kf5 59.
Nd2 Rb5 60. Ne4 Ke6 61. f4 exf4+ 62. Nxf4+ Ke5 63. Nxg6+ Kf5 64. Nf4 Re5 65.
Nxh5 Rxe4+ 66. Kf3 Ra4 67. Ng7+ Kf6 68. Ne8+ Ke5 69. Ng7 c5 70. h5 Ra3+ 71. Kg4
c4 72. Nf5 Ra8 73. Ne3 c3 74. Kf3 Ra2 75. h6 Ra7 76. g4 Rf7+ 77. Ke2 Ke4 78. g5
Rf3 79. Ng4 Rg3 1-0

[Event "13th Khazar International Open Chess Tournament - "]
[Site "Rasht, Iran"]
[Date "2015.02.12"]
[Round "3"]
[Board "3"]
[White "Papin, Vasily"]
[Black "Mosadeghpour, Masoud"]
[Result "1/2-1/2"]
[WhiteElo "2515"]
[BlackElo "2325"]
[PlyCount "0"]
[EventDate "2015.02.11"]
[EventRounds "9"]
[EventCountry "IRI"]

1. c4 Nf6 2. Nc3 d5 3. cxd5 Nxd5 4. g3 g6 5. Bg2 c6 6. Qb3 Nb6 7. Nf3 Bg7 8. O-O
Be6 9. Qc2 Na6 10. d3 Nb4 11. Qb1 O-O 12. a3 N4d5 13. Ne4 Nd7 14. Neg5 Bg4 15. h3
Bxf3 16. Nxf3 Nc5 17. Qc2 Qb6 18. Nd2 a5 19. Re1 Rfd8 20. e3 a4 21. Rb1 Nb3 22.
Bf1 c5 23. Be2 Rac8 24. Nxb3 Qxb3 25. Qxb3 axb3 26. Bd1 Nb6 27. Bxb3 Rxd3 28. Bc2
Rd7 29. Kf1 Nc4 1/2-1/2

[Event "13th Khazar International Open Chess Tournament - "]
[Site "Rasht, Iran"]
[Date "2015.02.12"]
[Round "3"]
[Board "4"]
[White "Pourramezanali, Amirreza"]
[Black "Atanejhad, Sahebali"]
[Result "1/2-1/2"]
[WhiteElo "2432"]
[BlackElo "2180"]
[PlyCount "0"]
[EventDate "2015.02.11"]
[EventRounds "9"]
[EventCountry "IRI"]

1. e4 {[%clk 1:30:59]} c6 {[%clk 1:30:52]} 2. d4 {[%clk 1:31:19]} d5
{[%clk 1:31:16]} 3. e5 {[%clk 1:31:05]} Bf5 {[%clk 1:31:15]} 4. h4
{[%clk 1:31:30]} h6 {[%clk 1:27:21]} 5. g4 {[%clk 1:31:56]} Bh7 {[%clk 1:27:38]}
6. e6 {[%clk 1:32:07]} fxe6 {[%clk 1:26:57]} 7. Nf3 {[%clk 1:28:22]} e5
{[%clk 1:22:27]} 8. Nxe5 {[%clk 1:27:50]} Nd7 {[%clk 1:22:49]} 9. Bd3
{[%clk 1:26:52]} Bxd3 {[%clk 1:22:14]} 10. Qxd3 {[%clk 1:26:46]} Nxe5
{[%clk 1:22:43]} 11. dxe5 {[%clk 1:27:07]} e6 {[%clk 1:23:09]} 12. Nc3
{[%clk 1:26:26]} Qd7 {[%clk 1:23:01]} 13. Be3 {[%clk 1:26:26]} c5
{[%clk 1:17:53]} 14. O-O-O {[%clk 1:24:40]} O-O-O {[%clk 1:17:19]} 15. Nb5
{[%clk 1:13:08]} a6 {[%clk 1:13:15]} 16. Nd6+ {[%clk 1:12:35]} Bxd6
{[%clk 1:12:23]} 17. exd6 {[%clk 1:13:03]} Qxd6 {[%clk 1:11:46]} 18. Qc3
{[%clk 1:13:20]} Nf6 {[%clk 1:12:11]} 19. Bxc5 {[%clk 1:13:29]} Qc6
{[%clk 1:11:51]} 20. f3 {[%clk 1:11:28]} e5 {[%clk 1:06:04]} 21. Rhe1
{[%clk 1:10:11]} Rhe8 {[%clk 1:03:12]} 22. Qa3 {[%clk 1:09:56]} Rd7
{[%clk 0:53:24]} 23. Rd3 {[%clk 1:06:09]} d4 {[%clk 0:47:58]} 24. Re2
{[%clk 0:58:30]} 1/2-1/2